Impact of Fiscal Rules on Government Capital Expenditure: Evidence from EU Countries

Východiská výskumu: Mnohé krajiny majú dnes pretrvávajúce problémy s rastúcim štátnym dlhom a nie sú schopné zabezpečiť zdravé verejné financie. Fiškálne pravidlá implementujú krajiny práve preto, aby zabezpečili dlhodobú udržateľnosť verejných financií a implementácia týchto pravidiel so sebou prin...

ver descrição completa

Na minha lista:
Detalhes bibliográficos
Autor principal: Boór, Matej, 1988-
Formato: Capítulo de Livro
Idioma:inglês
Assuntos:
Tags: Adicionar Tag
Sem tags, seja o primeiro a adicionar uma tag!

MARC

LEADER 00000naa$a2200000$$$4500
001 0298331
005 20250203120831.7
041 0 |a eng 
044 |a SK 
245 1 0 |a Impact of Fiscal Rules on Government Capital Expenditure: Evidence from EU Countries  |c Matej Boór 
520 |a Východiská výskumu: Mnohé krajiny majú dnes pretrvávajúce problémy s rastúcim štátnym dlhom a nie sú schopné zabezpečiť zdravé verejné financie. Fiškálne pravidlá implementujú krajiny práve preto, aby zabezpečili dlhodobú udržateľnosť verejných financií a implementácia týchto pravidiel so sebou prináša viacero ďalších efektov. Fiškálne pravidlá môžu zabrániť zvyšovaniu vládnych výdavkov a obmedziť politikov v prijímaní populistických opatrení. Má to však aj nevýhodu, a to, že politici s obmedzenými zdrojmi financovania sa môžu uchýliť k snahe zabezpečiť financovanie základných úloh štátu (vo forme výdavkov verejnej spotreby) na úkor vládnych kapitálových výdavkov. Cieľom tohto príspevku je preto objasniť vzťah medzi fiškálnymi pravidlami a vládnymi kapitálovými výdavkami, resp. či zavedené fiškálne pravidlá znižujú úroveň vládnych kapitálových výdavkov tak, aby boli v súlade s predmetnými fiškálnymi pravidlami. 
610 2 0 |a dlhy štátne 
610 2 0 |a financie verejné 
610 2 0 |a udržateľnosť fiškálna 
610 2 0 |a výdavky štátne 
610 2 0 |a populizmus 
610 2 0 |a Európska únia 
100 1 |a Boór, Matej, 1988-